[Event "87th Tata Steel Masters 2025"]
[Site "Wijk aan Zee"]
[Date "2025.02.02"]
[Round "13.7"]
[White "Sarana, Alexey"]
[Black "Mendonca, Leon Luke"]
[Result "1/2-1/2"]
[WhiteElo "2677"]
[BlackElo "2639"]
[Annotator "Chessbase - Stockfish 17"]
[PlyCount "94"]
[EventDate "2025.??.??"]
[EventCountry "NED"]

{[%evp 0,94,28,17,25,-13,-11,-33,-7,30,34,17,23,-12,-6,-4,4,6,6,10,18,-22,29,-6,2,-21,9,-12,-4,-11,1,19,-10,-39,-28,-37,24,0,-27,4,9,9,9,9,9,-5,25,32,83,105,94,108,48,82,82,66,63,53,70,24,24,21,15,18,16,12,15,15,9,13,15,13,15,8,7,7,7,-1,22,10,12,12,13,6,8,0,0,0,0,0,0,0,0,0,0,0,0]} 1. d4 Nf6 2. c4 e6 3. Nc3 Bb4 4. e3 O-O 5. Bd3 d5 6. a3 Bxc3+ 7. bxc3 dxc4 8. Bxc4 c5 9. Ne2 Qc7 10. Qc2 (10. Qd3 b6 11. e4 cxd4 12. cxd4 Bb7 13. f3 Nc6 14. Bf4 e5 15. Bg3 Nh5 16. d5 Na5 17. Ba2 Rac8 18. Rd1 Nxg3 19. hxg3 Qc5 20. Rh5 Rfe8 21. d6 Rcd8 22. Rf5 Rd7 23. Rc1 Rxd6 24. Bxf7+ Kf8 {Sarana,A (2685)-Donchenko,A (2684) chess.com INT 2023 1-0}) (10. Bd3 Rd8 11. f4 (11. O-O Nc6 12. Ng3 e5 13. f4 exd4 14. cxd4 cxd4 15. e4 Ng4 16. e5 Qb6 17. h3 Ne3 18. Qh5 h6 19. Rf3 Qb3 20. Bxe3 dxe3 21. Be4 Nd4 22. Kh2 Qb2 23. Re1 Nxf3+ 24. Bxf3 Qd4 {Sarana,A (2675)-Jumabayev,R (2628) Chess.com INT 2022 0-1 (43)}) 11... b6 12. O-O Bb7 13. Ng3 Nc6 14. Qe2 Rac8 15. Bb2 Na5 16. Rad1 cxd4 17. cxd4 Nc4 18. Rc1 b5 19. f5 Qd6 20. fxe6 fxe6 21. Nh5 Nxb2 22. Nxf6+ gxf6 23. Rxc8 Rxc8 24. Qxb2 Qd5 {Savina,A (2340)-Krasteva,B (2251) Monaco MNC 2024 1-0 (53)}) 10... b6 11. f3 $146 (11. O-O Bb7 (11... cxd4 12. cxd4 Ba6 13. Bb2 Qxc4 14. Qxc4 Bxc4 15. Rfe1 Bxe2 16. Rxe2 Nbd7 17. Rc1 Rfc8 18. Rec2 Rxc2 19. Rxc2 Kf8 20. Kf1 Ke8 21. Ke2 Kd8 22. Kd3 Rc8 23. Bc3 Nd5 24. f4 Rxc3+ 25. Rxc3 Nxc3 {De Lima,E (1472)-Rocha,V (2219) Parnamirim 2018 0-1 (41)}) 12. f3 cxd4 13. Bd3 dxe3 14. Bxe3 Nbd7 15. Rac1 Nc5 16. Rfd1 Nxd3 17. Rxd3 Nd5 18. Bf2 Rac8 19. Qb3 Ba6 20. Rxd5 Bc4 21. Qa4 Bxd5 22. Nd4 Bc4 23. Qb4 Rfd8 24. Bg3 Qc5 25. Bf2 Qxb4 {Darrigues,A-Iordachescu,V (2555) Condom 2002 0-1 (44)}) 11... Bb7 12. Bd2 Nc6 13. Rc1 Rac8 14. Qb2 e5 15. e4 exd4 16. cxd4 cxd4 17. Bb5 Qd7 18. O-O Rfd8 19. Bg5 a6 20. Bxc6 Rxc6 21. Rxc6 Bxc6 22. Rd1 d3 23. Qxb6 h6 $2 {Mistake. Ba4 was best.} (23... Ba4) 24. Bxf6 gxf6 25. Nf4 $4 {Blunder. Ng3 was best.} (25. Ng3 Qd4+) 25... d2 26. Nd5 Bxd5 27. Rxd2 Qe7 28. h3 Rd7 29. Qb8+ Kh7 30. Rxd5 Rxd5 31. exd5 Qc5+ 32. Kh1 Qxd5 33. Qb6 Qe6 34. Qb4 Qd5 35. a4 a5 36. Qf4 Qe5 37. Qc4 Kg7 38. h4 Qe1+ 39. Kh2 Qb4 40. Qg4+ Qxg4 41. fxg4 Kg6 42. Kg3 f5 43. Kf4 fxg4 44. Kxg4 f5+ 45. Kf4 Kf6 46. g4 fxg4 47. Kxg4 Ke5 {1/2-1/2 wins.} 1/2-1/2